| 000 | 01381nam a2200325 c 4500 | ||
|---|---|---|---|
| 003 | BLK | ||
| 005 | 20180422115154.0 | ||
| 008 | 180411b bul|||||r ||||||| ||bul|| | ||
| 010 | _aKNG00190553000 | ||
| 040 | _aBLK | ||
| 041 |
_aBUL _cBUL |
||
| 080 |
_aТорове. Торене. Стимулиране растежа на растенията. Растителни стимулатори _b631.8 _x(035) _z631.8(035) |
||
| 100 | 1 |
_aГенчева, Светла Славева _eпърви автор _9383850 |
|
| 139 |
_aГенчева, Светла Славева _bГ 33 |
||
| 245 | 1 | 0 |
_aТорене в озеленяването _b[Ръководство] _cСветла Славева Генчева. |
| 257 | _aBGR | ||
| 260 |
_аСофия _bЗемиздат _c1983 _f(Хасково : Ат. Стратиев) |
||
| 300 |
_a228 с. _bс ил., табл., диагр. _c20 см |
||
| 380 | _a63 | ||
| 500 | _aПълното име на авт. е Светла Славева Генчева-Костадинова. - 815 тир. - Библиогр. с. 221-226. | ||
| 650 | 4 |
_aОзеленяване _9164859 |
|
| 650 | 4 |
_aТорене _9173808 |
|
| 653 | _aозеленяване | ||
| 653 | _aторене | ||
| 852 | _aЦб 120865 | ||
| 856 | 4 |
_qpdf _u |
|
| 856 | 4 |
_qpdf _u |
|
| 942 |
_cKNG _n0 |
||
| 944 |
_aCR _c17.09.2016 _kИрена_Линкова |
||
| 944 |
_aED _c17.09.2016 _kИрена_Линкова |
||
| 999 |
_c181647 _d181647 |
||